Loading...
| History - Other | 0 | 9 | 0 | 0 | 90 | 38 | 78.33 | 3 | 5 | 33.58 | 66.55 |
| History - European | 0 | 7 | 0 | 0 | 70 | 56 | 72.43 | 0 | 5 | 28.39 | 51.82 |
| History - World | 0 | 6 | 0 | 1 | 60 | 43 | 94.00 | 1 | 2 | 17.81 | 39.45 |
| Mythology | 0 | 4 | 0 | 1 | 40 | 95 | 111.25 | 0 | 0 | 5.75 | 17.64 |
| Religion | 0 | 3 | 0 | 0 | 30 | 38 | 80.67 | 1 | 1 | 11.42 | 22.27 |
| Social Science | 0 | 2 | 0 | 0 | 20 | 77 | 97.00 | 0 | 0 | 2.30 | 1.91 |
| Literature - World | 0 | 2 | 0 | 0 | 20 | 86 | 88.00 | 0 | 0 | 6.50 | 14.00 |
| Philosophy | 0 | 2 | 0 | 0 | 20 | 80 | 85.50 | 0 | 1 | 4.52 | 11.64 |
| History - American | 0 | 2 | 1 | 0 | 15 | 96 | 97.50 | 0 | 0 | 4.94 | 11.82 |
| Science - Other | 0 | 2 | 1 | 1 | 15 | 98 | 111.00 | 0 | 0 | 0.39 | 3.64 |
| Fine Arts - Other | 0 | 1 | 0 | 0 | 10 | 138 | 138.00 | 0 | 0 | 0.00 | 1.82 |
| Literature - British | 0 | 1 | 0 | 0 | 10 | 28 | 28.00 | 0 | 1 | 8.07 | 8.18 |
| Popular Culture | 0 | 1 | 0 | 0 | 10 | 76 | 76.00 | 0 | 0 | 16.10 | 15.15 |
| Fine Arts - Painting and Sculpture | 0 | 1 | 1 | 1 | 5 | 116 | 116.00 | 0 | 0 | 0.00 | 1.00 |
| Literature - European | 0 | 0 | 0 | 0 | 0 | 0.00 | 0 | 0 | 0.00 | 0.00 |